| 000 | 00551nam a2200181 i 4500 | ||
|---|---|---|---|
| 001 | 38061 | ||
| 003 | ES-MaACL | ||
| 005 | 20250831030033.0 | ||
| 007 | t| | ||
| 008 | 030224s1915 mx ||||1| spa d | ||
| 100 | 1 |
_aCabrera, Luis, _d1876-1954 _933290 |
|
| 245 | 1 | 3 |
_aLa cuestión religiosa en México / _cLuis Cabrera. |
| 260 |
_aVeracruz : _b[s.n.], _c1915 ( _fImp. del Gobierno Constitucionalista) |
||
| 300 |
_a36 p. ; _c20 cm. |
||
| 650 | 0 | 4 |
_aIglesia y Estado- _zMéxico _913567 |
| 852 |
_aES-MaACL _j1563-F-9 |
||
| 999 |
_c38061 _d38061 |
||